| 000 | 00899nam a22002417a 4500 | ||
|---|---|---|---|
| 999 |
_c15662 _d15662 |
||
| 003 | MIRAKIL | ||
| 005 | 20240318131211.0 | ||
| 008 | 240318b tu ||||| |||| 00| 0 tur d | ||
| 020 | _a9789751751423 | ||
| 040 |
_aTR-AnCHP _cTR-AnCHP |
||
| 041 | _atur | ||
| 082 |
_a417.1 _bD35o 2022 |
||
| 100 | _aDemir, Necati | ||
| 245 | 1 | 0 |
_aOrdu ili ve yöresi ağızları : _b(inceleme-metinler-sözlük) / _cProf. Dr. Necati Demir |
| 250 | _aİkinci baskı (gözden geçirilmiş) : Ankara, 2022 Mayıs | ||
| 260 |
_aAnkara : _bTürk Dil Kurumu Yayınları, _c2022 |
||
| 300 |
_a648 sayfa : _bharita ; _c24 cm. |
||
| 490 | 0 |
_aAtatürk Kültür, Dil ve Tarih Yüksek Kurumu Türk Dil Kurumu Yayınları ; _v788. |
|
| 504 | _aKaynakça: 21-26. sayfa | ||
| 650 | 0 |
_97753 _aAğızlar _zOrdu |
|
| 856 | _zDijital Nüshası için Partimizin Kütüphane Sorumlusu ile iletişime geçiniz. | ||
| 942 |
_2ddc _cBKS |
||